Statistics for My Favorite Countries by Flag Maps

Click here to take the quiz!

General Stats

  • This quiz has been taken 62 times
  • The average score is 8 of 8

Answer Stats

Answer% Correct
Canada
100%
Ukraine
98%
Peru
96%
Portugal
95%
Russia
95%
Mongolia
95%
Libya
91%
Bolivia
87%

Score Distribution

Percentile by Number Answered

Percent of People with Each Score

Your Score History

You have not taken this quiz